Koleksi berbalas pantun merakam zaman
| Main Author: | |
|---|---|
| Format: | Book |
| Published: |
Kuala Lumpur :
Jabatan Kebudayaan Dan Kesenian Negara ,
2011
|
| Subjects: |
MARC
| LEADER | 00000cam a2200000 7i4500 | ||
|---|---|---|---|
| 001 | 0000061624 | ||
| 005 | 20160319.0 | ||
| 008 | 160319 | ||
| 020 | |a 9789675550151 | ||
| 090 | 0 | 0 | |a 899.231 |b ABD |
| 100 | 0 | |a Abd. Halim "R" | |
| 245 | 1 | 0 | |a Koleksi berbalas pantun merakam zaman |c Abd. halim "R" |
| 260 | |a Kuala Lumpur : |b Jabatan Kebudayaan Dan Kesenian Negara , |c 2011 | ||
| 300 | |a 236p. | ||
| 650 | 0 | |a Pantoums | |
| 999 | |a 0001260442 |b Book |c Adult Collection |e Cawangan Muar | ||
| 999 | |a 0001260449 |b Book |c Adult Collection |e Cawangan Kota Tinggi | ||